Historia antigua de Zinacantán = Vo´ne k´op ta Tzinakanta. (Record no. 9001)

MARC details
000 -CABECERA
campo de control de longitud fija 01150nam a2200289 a 4500
001 - NÚMERO DE CONTROL
campo de control BRL_188
005 - FECHA Y HORA DE LA ÚLTIMA TRANSACCIÓN
campo de control 20190320210628.0
008 - DATOS DE LONGITUD FIJA--INFORMACIÓN GENERAL
campo de control de longitud fija 851219s1983####mx-a######---#000-0#spa-#
040 ## - FUENTE DE LA CATALOGACIÓN
Centro catalogador/agencia de origen DLC
Centro/agencia transcriptor DLC
Centro/agencia modificador DLC
041 ## - CÓDIGO DE LENGUA
Código de lengua del texto/banda sonora o título independiente spa
044 ## - CÓDIGO DEL PAÍS DE LA ENTIDAD EDITORA/PRODUCTORA
Código MARC del país mx
050 #4 - SIGNATURA TOPOGRÁFICA DE LA BIBLIOTECA DEL CONGRESO
Número de clasificación F1221.T9
Número de documento/Ítem .H57 1983
245 10 - MENCIÓN DE TÍTULO
Título Historia antigua de Zinacantán = Vo´ne k´op ta Tzinakanta.
Mención de responsabilidad, etc. los redactores de esta historia: Mariano López Méndez...[et al.] ; dibujos de Mariano López Méndez.
260 ## - PUBLICACIÓN, DISTRIBUCIÓN, ETC.
Lugar de publicación, distribución, etc. México
Nombre del editor, distribuidor, etc. Secretaría de Educación y Cultura, Subsecretaría de Cultura y Recreación, Dirección de Publicaciones y Bibliotecas
Fecha de publicación, distribución, etc. 1983
300 ## - DESCRIPCIÓN FÍSICA
Extensión 49 p.
Otras características físicas il.
Dimensiones 22 cm.
500 ## - NOTA GENERAL
Nota general Au226
500 ## - NOTA GENERAL
Nota general 16 de septiembre No. 52, San Cristobal de las Casas, Chiapas, México
546 ## - NOTA DE LENGUA/LENGUAJE
Nota de lengua/lenguaje Texto en: tzotzil y español
650 14 - PUNTO DE ACCESO ADICIONAL DE MATERIA--TÉRMINO DE MATERIA
Término de materia o nombre geográfico como elemento de entrada Indígenas Tzotzil
Subdivisión general Historia
9 (RLIN) 23172
650 14 - PUNTO DE ACCESO ADICIONAL DE MATERIA--TÉRMINO DE MATERIA
Término de materia o nombre geográfico como elemento de entrada Lengua tzotzil
Subdivisión general textos
9 (RLIN) 23173
651 #4 - PUNTO DE ACCESO ADICIONAL DE MATERIA--NOMBRE GEOGRÁFICO
Nombre geográfico Zinacantán (México)
Subdivisión general Historia
9 (RLIN) 23174
700 1# - PUNTO DE ACCESO ADICIONAL--NOMBRE DE PERSONA
Nombre de persona López Méndez, Mariano
9 (RLIN) 23175
710 2# - PUNTO DE ACCESO ADICIONAL--NOMBRE DE ENTIDAD CORPORATIVA
Nombre de entidad corporativa o nombre de jurisdicción como elemento de entrada Subsecretaría de Cultura y Recreación, Chiapas (México)
9 (RLIN) 23176
740 0# - PUNTO DE ACCESO ADICIONAL--TÍTULO RELACIONADO O ANALÍTICO NO CONTROLADO
Título relacionado o analítico no controlado Vo´ne k´op ta Tzinakanta
902 ## - CATALOGADOR
Iniciales GRL
942 ## - ELEMENTOS DE PUNTO DE ACCESO ADICIONAL (KOHA)
Fuente del sistema de clasificación o colocación Library of Congress Classification
Tipo de ítem Koha Libros
Holdings
Estado de retiro Estado de pérdida Estado dañado No para préstamo Localización permanente Ubicación/localización actual Fecha de adquisición Número de inventario Total de préstamos Signatura topográfica completa Código de barras Fecha visto por última vez Precio válido a partir de Tipo de ítem Koha
El ejemplar forma parte de la colección y puede ser consultado según las políticas vigentes.       Biblioteca Centro de Estudios Ruth D. Lechuga Biblioteca Centro de Estudios Ruth D. Lechuga 12/12/2012 Au226   F1221.T9 .H57 1983 (Au226) GRL00200 22/03/2019 22/03/2019 Libros